00892nam a2200205 4500003000900000005001700009008004100026020002900067040001300096082002400109110001800133245007500151260003000226650003900256942000900295952012100304952012400425952012400549999001300673SEACOMMC20250422110752.0241017b |||||||| |||| 00| 0 eng d a0-82-645761-4cRs.225.00 aSEACOMMC a 647.94068 21bJ 78 a Jones, Peter1 aHospitality Operations : a systems approachcPeter Jones ... [et al.]. aSingaporebThomsonc 2003 aHospitality Industry -- Management cBOOK 00102ddc4070aSEACOMMCbSEACOMMCd2007-10-11l0o 647.94068 21 J 78pM-519r2024-10-17 14:34:22w2024-10-17yBOOK 00102ddc4070aSEACOMMCbSEACOMMCd2007-10-11l0o 647.94068 21 J 78pM-520r2024-10-17 14:34:50t1w2024-10-17yBOOK 00102ddc4070aSEACOMMCbSEACOMMCd2007-10-11l0o 647.94068 21 J 78pM-521r2024-10-17 14:34:50t2w2024-10-17yBOOK c661d661